Località d'élite nel Mediterraneo - Statistics

Statistiche generali
  • Questo quiz è stato fatto 59 volte
  • Il punteggio medio è 7 su 17
Statistiche sulle risposte
Hint Risposta % Corretto
Monaco Montecarlo
78%
Italia Portofino
67%
Grecia Santorini
65%
Italia Capri
59%
Spagna Ibiza
59%
Italia Porto Cervo
59%
Francia Cannes
51%
Italia Forte dei Marmi
49%
Italia Costiera Amalfitana
47%
Grecia Mykonos
45%
Francia Saint Tropez
45%
Spagna Formentera
37%
Italia Taormina
31%
Spagna Marbella
12%
Francia Antibes
10%
Turchia Bodrum
10%
Grecia Paros
10%
Nessun quiz corrispondente trovato
Distribuzione punteggi
Percentuale di utenti per punteggio
Percentile per numero di risposta
I tuoi punteggi nel tempo
Non hai fatto questo quiz